Pays avec des magasins Walmart - Statistiques

Statistiques générales
  • Ce quiz a été pris 25 fois
  • Le résultat moyen est 12 sur 31
Statistiques - réponses
Pays Filiale % Correct
Canada
100%
États-Unis
100%
Brésil
83%
Mexique
83%
Argentine
75%
Japon Seiyu
75%
Corée du Sud
67%
Chine
63%
Royaume-Uni Asda
63%
Inde Flipkart
58%
Allemagne
54%
Chili
50%
Costa Rica
42%
Guatemala
42%
Afrique du Sud Massmart
38%
Honduras
38%
Nicaragua
38%
Salvador
25%
Nigéria Massmart
21%
Kenya Massmart
13%
Tanzanie
8%
Eswatini Massmart
4%
Ghana Massmart
4%
Lesotho Massmart
4%
Mozambique Massmart
4%
Namibie Massmart
4%
Zambie Massmart
4%
Botswana Massmart
0%
Malawi Massmart
0%
Maurice Massmart
0%
Ouganda Massmart
0%
Aucun quiz correspondant
Distribution des résultats
% des personnes avec chaque résultat
Percentile par nombre de réponses
Votre historique - résultats
Vous n’avez pas pris ce quiz